| 000 | 00846nam a2200217 i 4500 | ||
|---|---|---|---|
| 001 | 40470 | ||
| 003 | ES-MaACL | ||
| 005 | 20231212062533.0 | ||
| 007 | t| | ||
| 008 | 030306s1983 sp ||||1| spa d | ||
| 020 | _a84-00-05438-5 | ||
| 100 | 1 |
_aCaro Baroja, Julio, _d1914-1995 _935403 |
|
| 245 | 1 | 3 |
_aLa aurora del pensamiento antropológico _b: la antropología en las clásicos griegos y latinos / _cJulio Caro Baroja. |
| 260 |
_aMadrid : _bConsejo Superior de Investigaciones Científicas, _c1983. |
||
| 300 |
_a236 p. ; _c24 cm. |
||
| 490 | 1 |
_aBiblioteca de dialectología y tradiciones populares ; _v16 |
|
| 710 | 2 |
_aConsejo Superior de Investigaciones Científicas (España) _93236 |
|
| 830 | 0 |
_aBiblioteca de dialectología y tradiciones populares ; _v16 _9178294 |
|
| 852 |
_aES-MaACL _jL-8141 _bR.108423 |
||
| 999 |
_c40470 _d40470 |
||